000 00772nam a2200217Ia 4500
005 20250108124844.0
008 008 250107s9999 xx 000 0 hin d
037 _aTB
040 _aCRL
_bhin
_cCRL
041 _ahin
_2hin
084 _aO152,1N54x Q6
084 _qCRL
100 _aवर्मा, भगवतीचरण, ले.
245 0 _aचित्रलेखा
_cवर्मा, भगवतीचरण, ले.
260 _aनई दिल्ली, भारत
_bराजकमल पेपरबैक्स
_c2452
300 _a199पृ0
365 _aINR
_b195
650 _aहिन्दी कहानीहिन्दी साहित्य
_9729733
942 _cTB
_hO152,1N54x Q6
999 _c1234840
_d1234840